000 00941nam a2200241 a 4500
001 40146
003 BD-RjUL
005 20211209053140.0
008 160423s1994 ii ||||| |||| 00| 0 ben d
020 _a8185471274
_c: Tk. 50.00
035 _a(BD-RjUL)
040 _aBD-RjUL
_bben
_cBD-RjUL
041 _aben
082 _223
_a891.443
_bVAN 1994
100 _aভট্টাচার্য, অঞ্জুশ্রী
_9123607
245 1 0 _aনরেন্দ্রনাথ মিত্র : জীবন ও সাহিত্য /
_cঅঞ্জুশ্রী ভট্টাচার্য
260 _aকলকাতা :
_bপুস্তক বিপণি,
_c১৯৯৪
300 _a[৯], ১৪৯ পৃ. ;
_c২১ সেমি.
500 _aনির্দেশিকা সংযুক্ত
650 _aবাংলা উপন্যাস
_9123608
650 _aBengali Fiction
_9123609
942 _2ddc
_cBK
999 _c40146
_d40146